[Event "Rheinland Pfalz op Seniors 15th"]
[Site "Neustadt an der Weinstrasse"]
[Date "2017.07.22"]
[Round "8"]
[White "Schwertel, Johann"]
[Black "Krieger, Hermann"]
[Result "1/2-1/2"]
[WhiteElo "1929"]
[BlackElo "2154"]
[PlyCount "34"]
[EventDate "2017.07.15"]
[EventType "swiss"]
[EventRounds "9"]
[EventCountry "GER"]
[SourceTitle "EXT 2018"]
[Source "ChessBase"]
[SourceDate "2017.10.13"]
[SourceVersion "1"]
[SourceVersionDate "2017.10.13"]
[SourceQuality "1"]

1. d4 f5 2. g3 Nf6 3. Bg2 g6 4. Nf3 Bg7 5. 0-0 0-0 6. c3 e6 7. Nbd2 d6 8. Qc2 Nc6 9. e4 e5 10. d5 Ne7 11. c4 f4 12. gxf4 exf4 13. Re1 Nh5 14. Nf1 h6 15. Bd2 g5 16. h3 Ng6 17. Bc3 Qe7 1/2-1/2

[Event "Rheinland Pfalz op Seniors 14th"]
[Site "Neustadt an der Weinstrasse"]
[Date "2016.07.21"]
[Round "6"]
[White "Krieger, Hermann"]
[Black "Kalkmann, Hans"]
[Result "1/2-1/2"]
[WhiteElo "2165"]
[BlackElo "1973"]
[PlyCount "44"]
[EventDate "2016.07.16"]
[EventType "swiss"]
[EventRounds "9"]
[EventCountry "GER"]
[SourceTitle "EXT 2019"]
[Source "ChessBase"]
[SourceDate "2018.10.10"]
[SourceVersion "1"]
[SourceVersionDate "2018.10.10"]
[SourceQuality "1"]

1. e4 e5 2. Nf3 Nc6 3. Bb5 a6 4. Ba4 d6 5. c3 Bd7 6. 0-0 Be7 7. d4 Bf6 8. Be3 Nge7 9. Re1 0-0 10. Nbd2 Bg4 11. h3 Bd7 12. Rc1 Ng6 13. d5 Nb8 14. Bc2 a5 15. Nf1 Ne7 16. c4 b6 17. b3 g6 18. g4 Bg7 19. Ng3 Qc8 20. Nh4 Qd8 21. Ng2 Qc8 22. Nh4 Qd8 1/2-1/2

[Event "Rheinland Pfalz op Seniors 14th"]
[Site "Neustadt an der Weinstrasse"]
[Date "2016.07.18"]
[Round "3"]
[White "Costea, Valerius"]
[Black "Krieger, Hermann"]
[Result "0-1"]
[WhiteElo "1971"]
[BlackElo "2165"]
[PlyCount "97"]
[EventDate "2016.07.16"]
[EventType "swiss"]
[EventRounds "9"]
[EventCountry "GER"]
[SourceTitle "EXT 2019"]
[Source "ChessBase"]
[SourceDate "2018.10.10"]
[SourceVersion "1"]
[SourceVersionDate "2018.10.10"]
[SourceQuality "1"]

1. e4 c5 2. Nf3 Nc6 3. d4 cxd4 4. Nxd4 g6 5. Be3 Nf6 6. Nc3 Bg7 7. Be2 d6 8. f3 0-0 9. Qd2 Nxd4 10. Bxd4 Be6 11. 0-0 a6 12. a4 Nd7 13. Bxg7 Kxg7 14. Qd4+ f6 15. a5 Rc8 16. f4 Bf7 17. Qd2 b5 18. Bd1 Qc7 19. Rf3 Qc5+ 20. Kh1 f5 21. e5 Rfd8 22. exd6 Nf6 23. Rd3 Rxd6 24. Rxd6 exd6 25. h3 d5 26. Kh2 Ne4 27. Nxe4 dxe4 28. c3 Rc6 29. Be2 Rd6 30. Qe1 Qe3 31. Qf1 Rd2 32. Re1 Qc5 33. Rb1 Ba2 34. Rd1 Rxb2 35. Rd7+ Bf7 36. Qe1 Rc2 37. Bd1 Rxc3 38. Qh4 Qc4 39. Qd8 Rd3 40. Qe7 Rxd7 41. Qxd7 Qd5 42. Qe7 Qxd1 43. Qe5+ Kf8 44. Qc5+ Ke8 45. Qc8+ Ke7 46. Qxa6 Qd6 47. Qb7+ Kf6 48. Qxb5 Qxf4+ 49. Kg1 0-1

[Event "Rheinland Pfalz op Seniors 14th"]
[Site "Neustadt an der Weinstrasse"]
[Date "2016.07.17"]
[Round "2"]
[White "Krieger, Hermann"]
[Black "Prachar, Josef"]
[Result "1/2-1/2"]
[WhiteElo "2165"]
[BlackElo "1930"]
[PlyCount "35"]
[EventDate "2016.07.16"]
[EventType "swiss"]
[EventRounds "9"]
[EventCountry "GER"]
[SourceTitle "EXT 2019"]
[Source "ChessBase"]
[SourceDate "2018.10.10"]
[SourceVersion "1"]
[SourceVersionDate "2018.10.10"]
[SourceQuality "1"]

1. e4 c5 2. Nf3 Nc6 3. d4 cxd4 4. Nxd4 Nf6 5. Nc3 d6 6. Bg5 e6 7. Qd2 Be7 8. 0-0-0 0-0 9. Kb1 Nxd4 10. Qxd4 Nxe4 11. Nxe4 Bxg5 12. Nxg5 Qxg5 13. Qxd6 Bd7 14. Qg3 Qxg3 15. hxg3 Bc6 16. Bd3 g6 17. f3 Kg7 18. Rde1 1/2-1/2

[Event "Rheinland Pfalz op Seniors 14th"]
[Site "Neustadt an der Weinstrasse"]
[Date "2016.07.16"]
[Round "1"]
[White "Blosze, Winfried"]
[Black "Krieger, Hermann"]
[Result "0-1"]
[WhiteElo "1872"]
[BlackElo "2165"]
[PlyCount "80"]
[EventDate "2016.07.16"]
[EventType "swiss"]
[EventRounds "9"]
[EventCountry "GER"]
[SourceTitle "EXT 2019"]
[Source "ChessBase"]
[SourceDate "2018.10.10"]
[SourceVersion "1"]
[SourceVersionDate "2018.10.10"]
[SourceQuality "1"]

1. e4 c5 2. d4 cxd4 3. c3 dxc3 4. Nxc3 Nc6 5. Bc4 e6 6. Nf3 Nge7 7. 0-0 Ng6 8. a3 Be7 9. Be3 0-0 10. Rc1 d6 11. b4 Bd7 12. Nb5 Qb8 13. Qd2 a6 14. Nc3 b5 15. Be2 Rd8 16. Rfd1 Qb7 17. Bg5 f6 18. Be3 Rac8 19. h4 Nce5 20. h5 Nxf3+ 21. gxf3 Ne5 22. Qa2 Nc4 23. Bf4 e5 24. Nd5 Be6 25. Bg3 Nb6 26. Nxf6+ Kf7 27. Nd5 Rxc1 28. Rxc1 Nxd5 29. exd5 Qxd5 30. Qb1 Qd2 31. Bd3 Qg5 32. Kg2 g6 33. hxg6+ hxg6 34. Rh1 Kg7 35. Kf1 Rc8 36. Ke2 Bd5 37. Be4 Bc4+ 38. Bd3 Qf5 39. Bh4 Bxd3+ 40. Qxd3 Rc2+ 0-1

[Event "GER-chT Seniors 24th"]
[Site "Berlin"]
[Date "2015.09.12"]
[Round "7.1"]
[White "Krieger, Hermann"]
[Black "Kracht, Helmut"]
[Result "0-1"]
[WhiteElo "2206"]
[BlackElo "2039"]
[PlyCount "40"]
[EventDate "2015.09.06"]
[EventType "team-swiss"]
[EventRounds "7"]
[EventCountry "GER"]
[SourceTitle "EXT 2018"]
[Source "ChessBase"]
[SourceDate "2017.10.13"]
[SourceVersion "1"]
[SourceVersionDate "2017.10.13"]
[SourceQuality "1"]

1. e4 e5 2. Nf3 d6 3. d4 exd4 4. Nxd4 g6 5. Nc3 Bg7 6. Be3 Nc6 7. Qd2 Nf6 8. f3 0-0 9. 0-0-0 Re8 10. h3 d5 11. Bb5 Bd7 12. exd5 Nxd4 13. Bxd4 Bxb5 14. Nxb5 Qxd5 15. Nxc7 Qxa2 16. c3 Rac8 17. Nxe8 Nd5 18. Bxg7 Qa1+ 19. Kc2 Nb4+ 20. Kb3 Qa2+ 0-1

[Event "GER-chT Seniors 24th"]
[Site "Berlin"]
[Date "2015.09.11"]
[Round "6.1"]
[White "Brauer, Christian E"]
[Black "Krieger, Hermann"]
[Result "1/2-1/2"]
[WhiteElo "2106"]
[BlackElo "2206"]
[PlyCount "46"]
[EventDate "2015.09.06"]
[EventType "team-swiss"]
[EventRounds "7"]
[EventCountry "GER"]
[SourceTitle "EXT 2018"]
[Source "ChessBase"]
[SourceDate "2017.10.13"]
[SourceVersion "1"]
[SourceVersionDate "2017.10.13"]
[SourceQuality "1"]

1. c4 f5 2. g3 Nf6 3. Bg2 g6 4. Nc3 Bg7 5. e3 d6 6. Nge2 0-0 7. 0-0 e5 8. d3 c6 9. b3 Be6 10. Ba3 Bf7 11. Rc1 Re8 12. Qd2 Na6 13. Rfd1 Nc7 14. h3 Qd7 15. e4 d5 16. cxd5 cxd5 17. Rc2 fxe4 18. dxe4 d4 19. Na4 b6 20. Nc1 Nb5 21. Bb2 Rad8 22. Nd3 h5 23. Qe2 Qe7 1/2-1/2

[Event "GER-chT Seniors 24th"]
[Site "Berlin"]
[Date "2015.09.08"]
[Round "3.1"]
[White "Welz, Peter"]
[Black "Krieger, Hermann"]
[Result "1-0"]
[WhiteElo "2095"]
[BlackElo "2206"]
[PlyCount "97"]
[EventDate "2015.09.06"]
[EventType "team-swiss"]
[EventRounds "7"]
[EventCountry "GER"]
[SourceTitle "EXT 2018"]
[Source "ChessBase"]
[SourceDate "2017.10.13"]
[SourceVersion "1"]
[SourceVersionDate "2017.10.13"]
[SourceQuality "1"]
[WhiteTeam "Berlin II"]
[BlackTeam "Rheinland Pfalz Seniors II"]
[WhiteTeamCountry "GER"]
[BlackTeamCountry "GER"]

1. e4 c5 2. Nc3 Nc6 3. g3 g6 4. Bg2 Bg7 5. d3 d6 6. f4 e6 7. Nf3 Nge7 8. 0-0 0-0 9. Kh1 Rb8 10. a3 b6 11. Be3 d5 12. Bg1 d4 13. Ne2 f6 14. g4 e5 15. f5 Bh6 16. Qe1 Kg7 17. Qg3 Kh8 18. Qh4 Ng8 19. Bf2 Rb7 20. Rg1 Rg7 21. Bh3 g5 22. Qg3 Re7 23. Bf1 Bg7 24. h4 h6 25. Rg2 Rff7 26. Qh3 Rc7 27. Ng3 Bf8 28. Nh5 Rh7 29. Bg3 Bd6 30. Rh2 Bd7 31. Be2 Be8 32. Rg1 Qe7 33. Be1 b5 34. Bd2 Qd8 35. Ng3 Rb7 36. Kg2 Rbg7 37. Rgh1 Qc7 38. hxg5 hxg5 39. Bxg5 fxg5 40. Nxg5 Nf6 41. Nxh7 Rxh7 42. g5 Rxh3 43. Rxh3+ Kg7 44. gxf6+ Kxf6 45. Rh7 Bf7 46. R1h6+ Kg5 47. Bh5 Nd8 48. Kf3 Qe7 49. Bxf7 1-0

[Event "GER-chT Seniors 24th"]
[Site "Berlin"]
[Date "2015.09.06"]
[Round "1.1"]
[White "Frick, Christoph"]
[Black "Krieger, Hermann"]
[Result "1/2-1/2"]
[WhiteElo "2204"]
[BlackElo "2206"]
[PlyCount "63"]
[EventDate "2015.09.06"]
[EventType "team-swiss"]
[EventRounds "7"]
[EventCountry "GER"]
[SourceTitle "EXT 2018"]
[Source "ChessBase"]
[SourceDate "2017.10.13"]
[SourceVersion "1"]
[SourceVersionDate "2017.10.13"]
[SourceQuality "1"]
[WhiteTeam "Wuerttemberg Seniors"]
[BlackTeam "Rheinland Pfalz Seniors II"]
[WhiteTeamCountry "GER"]
[BlackTeamCountry "GER"]

1. Nc3 e5 2. Nf3 Nc6 3. d4 exd4 4. Nxd4 Nf6 5. Bg5 Be7 6. Nf5 0-0 7. Nxe7+ Nxe7 8. Bxf6 gxf6 9. e4 d6 10. Qf3 Ng6 11. Nd5 Kg7 12. 0-0-0 c6 13. Ne3 Kh8 14. Qg3 Ne5 15. f4 Rg8 16. Qe1 Ng4 17. Nc4 d5 18. h3 Qc7 19. Nd2 Nh6 20. Qh4 Kg7 21. Bd3 Qd8 22. Rhe1 Re8 23. Re3 Nf5 24. Rg3+ Nxg3 25. Qxg3+ Kh8 26. exd5 cxd5 27. Nf3 Rg8 28. Qh4 Rg7 29. g4 Qd6 30. g5 fxg5 31. Nxg5 f5 32. Re1 1/2-1/2

[Event "Rheinland Pfalz op Seniors 11th"]
[Site "Neustadt an der Weinstrasse"]
[Date "2013.07.19"]
[Round "7"]
[White "Krieger, Hermann"]
[Black "Villing, Dieter"]
[Result "0-1"]
[WhiteElo "2120"]
[BlackElo "1999"]
[PlyCount "78"]
[EventDate "2013.07.12"]
[EventType "swiss"]
[EventRounds "7"]
[EventCountry "GER"]
[SourceTitle "EXT 2019"]
[Source "ChessBase"]
[SourceDate "2018.10.10"]
[SourceVersion "1"]
[SourceVersionDate "2018.10.10"]
[SourceQuality "1"]

1. e4 c5 2. Nf3 Nc6 3. d4 cxd4 4. Nxd4 Nf6 5. Nc3 e6 6. Ndb5 Bc5 7. Bf4 0-0 8. Bd6 b6 9. Bxf8 Qxf8 10. Nc7 Rb8 11. Na6 Bxa6 12. Bxa6 Bd4 13. 0-0 Bxc3 14. bxc3 Nxe4 15. Qxd7 Qc5 16. Bb7 Ne5 17. Qd4 Nxc3 18. Qxc5 bxc5 19. Rfe1 Nc4 20. Be4 Na3 21. Re3 Nab1 22. Bd3 Kf8 23. a3 Ke7 24. f4 Rb2 25. Re1 Kf6 26. h3 h6 27. Kh2 g6 28. Re5 Nd5 29. Re4 Nb6 30. c4 Nc3 31. Re3 Nba4 32. Rc1 Rf2 33. Rf3 Rd2 34. Bc2 Ne2 35. Rf2 Nac3 36. Bb3 Ne4 37. Rff1 Nd4 38. Bd1 Ra2 39. Bf3 Nd2 0-1

[Event "GER-chT Seniors 21st"]
[Site "Berlin"]
[Date "2012.09.13"]
[Round "4.25"]
[White "Krieger, Hermann"]
[Black "Postler, Reinhard"]
[Result "1-0"]
[WhiteElo "2133"]
[BlackElo "2217"]
[PlyCount "51"]
[EventDate "2012.09.10"]
[EventType "team-swiss"]
[EventRounds "7"]
[EventCountry "GER"]
[SourceTitle "CBM 150 Extra"]
[Source "ChessBase"]
[SourceDate "2012.10.19"]
[SourceVersion "1"]
[SourceVersionDate "2012.10.19"]
[SourceQuality "1"]
[WhiteTeam "Rheinland Pfalz Seniors"]
[BlackTeam "Berlin Seniors"]
[WhiteTeamCountry "GER"]
[BlackTeamCountry "GER"]

1. e4 c5 2. Nf3 e6 3. d4 cxd4 4. Nxd4 a6 5. Bd3 Nf6 6. 0-0 Qc7 7. Be3 Nc6 8. Nxc6 bxc6 9. c4 c5 10. Nc3 Bb7 11. f4 d6 12. Qe2 g6 13. Rad1 Bg7 14. Bb1 0-0 15. g4 Rfe8 16. h3 Bc6 17. Bf2 Rab8 18. Bg3 d5 19. e5 d4 20. exf6 dxc3 21. fxg7 Rxb2 22. Bc2 Ba4 23. Rc1 Rd8 24. Rfd1 Rd4 25. Rd3 Bxc2 26. Rxc3 1-0

[Event "Bad Wiessee Seniors op"]
[Site "Bad Wiessee"]
[Date "2012.04.29"]
[Round "9"]
[White "Huelsmann, Josef"]
[Black "Krieger, Hermann"]
[Result "0-1"]
[WhiteElo "2117"]
[BlackElo "2120"]
[PlyCount "50"]
[EventDate "2012.04.21"]
[EventType "swiss"]
[EventRounds "9"]
[EventCountry "GER"]
[SourceTitle "EXT 2015"]
[Source "ChessBase"]
[SourceDate "2014.11.20"]
[SourceVersion "1"]
[SourceVersionDate "2014.11.20"]
[SourceQuality "1"]

1. d4 f5 2. e4 fxe4 3. Nc3 Nf6 4. g4 h6 5. f3 d5 6. g5 hxg5 7. Bxg5 Nc6 8. fxe4 dxe4 9. d5 Nb4 10. Bxf6 exf6 11. a3 Na6 12. Bb5+ Kf7 13. Nxe4 Nc5 14. Ng3 Bd6 15. N1e2 Qe7 16. Kd2 a6 17. Bc4 b5 18. Bd3 Bg4 19. Qf1 Rae8 20. Qf2 Qe5 21. Nd4 Qg5+ 22. Kc3 Na4+ 23. Kb3 Qxd5+ 24. c4 Nc5+ 25. Kc3 Nxd3 0-1

[Event "Bad Wiessee Seniors op"]
[Site "Bad Wiessee"]
[Date "2012.04.28"]
[Round "8"]
[White "Roeder, Frank"]
[Black "Krieger, Hermann"]
[Result "1/2-1/2"]
[WhiteElo "2168"]
[BlackElo "2120"]
[PlyCount "40"]
[EventDate "2012.04.21"]
[EventType "swiss"]
[EventRounds "9"]
[EventCountry "GER"]
[SourceTitle "EXT 2015"]
[Source "ChessBase"]
[SourceDate "2014.11.20"]
[SourceVersion "1"]
[SourceVersionDate "2014.11.20"]
[SourceQuality "1"]

1. e4 c5 2. c3 d6 3. d4 Nf6 4. dxc5 Nc6 5. Bc4 Nxe4 6. Qd5 Be6 7. Qxe4 d5 8. Qf4 dxc4 9. Nf3 f6 10. 0-0 Bf7 11. Be3 e5 12. Qg3 Qd5 13. Na3 0-0-0 14. Nd2 f5 15. f4 g5 16. Qxg5 Bxc5 17. Ndxc4 Rhg8 18. Qxf5+ Be6 19. Qc2 Bh3 20. g3 Bxf1 1/2-1/2

[Event "Bayern-ch Seniors 23rd"]
[Site "Bergen"]
[Date "2011.05.31"]
[Round "4"]
[White "Krieger, Hermann"]
[Black "Petroschka, Bernd"]
[Result "1/2-1/2"]
[WhiteElo "2091"]
[BlackElo "1820"]
[PlyCount "61"]
[EventDate "2011.05.28"]
[EventType "swiss"]
[EventRounds "9"]
[EventCountry "GER"]
[SourceTitle "EXT 2012"]
[Source "ChessBase"]
[SourceDate "2011.11.24"]
[SourceVersion "1"]
[SourceVersionDate "2011.11.24"]
[SourceQuality "1"]

1. e4 c5 2. Nf3 Nc6 3. d4 cxd4 4. Nxd4 Nf6 5. Nc3 e5 6. Ndb5 d6 7. Bg5 a6 8. Na3 b5 9. Nd5 Be7 10. Bxf6 Bxf6 11. c4 bxc4 12. Nxc4 Nd4 13. Bd3 0-0 14. 0-0 Bb7 15. Nce3 Bg5 16. g3 Bxe3 17. fxe3 Ne6 18. Qf3 Rc8 19. Rad1 Rc5 20. b4 Rc8 21. Qe2 Nc7 22. Bc4 Nxd5 23. exd5 Qb6 24. a3 Rc7 25. Rd2 Rfc8 26. Rc1 a5 27. b5 Rc5 28. Rdc2 g6 29. g4 R8c7 30. g5 Rc8 31. h4 1/2-1/2

[Event "Bayern-ch Seniors 23rd"]
[Site "Bergen"]
[Date "2011.05.28"]
[Round "1"]
[White "Mehlhorn, Dieter"]
[Black "Krieger, Hermann"]
[Result "0-1"]
[WhiteElo "1679"]
[BlackElo "2091"]
[PlyCount "91"]
[EventDate "2011.05.28"]
[EventType "swiss"]
[EventRounds "9"]
[EventCountry "GER"]
[SourceTitle "EXT 2012"]
[Source "ChessBase"]
[SourceDate "2011.11.24"]
[SourceVersion "1"]
[SourceVersionDate "2011.11.24"]
[SourceQuality "1"]

1. d4 f5 2. c4 g6 3. Nc3 Nf6 4. e3 Bg7 5. Be2 d6 6. Nf3 0-0 7. 0-0 h6 8. Qc2 Qe8 9. Bd3 e5 10. dxe5 dxe5 11. e4 Nc6 12. Nd5 Nxd5 13. cxd5 Nb4 14. Qe2 Nxd3 15. Qxd3 Qf7 16. Nd2 Rd8 17. Rd1 c6 18. d6 Qe6 19. exf5 gxf5 20. Nc4 b5 21. Na5 Bf8 22. Qb3 Kh7 23. Qxe6 Bxe6 24. Be3 Bd5 25. Bc5 Rd7 26. a4 a6 27. Rd2 Re8 28. axb5 axb5 29. b4 Re6 30. Rad1 Kg8 31. Rd3 Kf7 32. f3 Rg6 33. Re1 e4 34. fxe4 Bxe4 35. Rg3 Bxd6 36. Rxg6 Bxc5+ 37. bxc5 Kxg6 38. g4 Rd2 39. gxf5+ Kxf5 40. Nb7 Bd5 41. Nd6+ Kg4 42. Re5 b4 43. h3+ Kf4 44. Rf5+ Ke3 45. Rh5 b3 46. Rh4 0-1

[Event "Bad Woerishofen Seniors op 27th"]
[Site "Bad Woerishofen"]
[Date "2011.03.30"]
[Round "8"]
[White "Krieger, Hermann"]
[Black "Weinwurm, Wolfgang"]
[Result "1-0"]
[WhiteElo "2172"]
[BlackElo "2202"]
[PlyCount "81"]
[EventDate "2011.03.24"]
[EventType "swiss"]
[EventRounds "9"]
[EventCountry "GER"]
[SourceTitle "EXT 2012"]
[Source "ChessBase"]
[SourceDate "2011.11.24"]
[SourceVersion "1"]
[SourceVersionDate "2011.11.24"]
[SourceQuality "1"]

1. e4 e5 2. Nf3 Nc6 3. Bc4 Nf6 4. d3 Bc5 5. c3 a6 6. 0-0 d6 7. Bb3 Ba7 8. h3 h6 9. Re1 0-0 10. Nbd2 Nh5 11. Nf1 Qf6 12. Be3 Nf4 13. d4 g5 14. N1h2 h5 15. Bc2 Kg7 16. Bxf4 gxf4 17. d5 Ne7 18. Kf1 Rg8 19. Ke2 Kh8 20. Rg1 Bd7 21. Qd3 c6 22. dxc6 bxc6 23. g4 fxg3 24. Rxg3 Rxg3 25. fxg3 d5 26. Qxa6 Bc8 27. Qa5 Bb7 28. Qc7 Ba6+ 29. Ke1 Bb8 30. Qa5 Kg7 31. h4 Bb7 32. Qb6 Bc8 33. Qe3 Ng6 34. Qg5 Qd6 35. Qxh5 Qc5 36. Qg5 f6 37. Qd2 Be6 38. h5 Ne7 39. h6+ Kh8 40. h7 Bc7 41. Qh6 1-0